000 00438nam a22001697a 4500
003 NUST - PNEC
005 20170116180853.0
008 150827b xxu||||| |||| 00| 0 eng d
020 _a071366732X
040 _cLIBRARY
082 _a620 EMB
100 _95840
_aEmbleton william
245 _aReed's applied mechanics for engineers
_cwilliam Embleton
260 _cc2003.
650 _95842
_aMechanics, Applied
_xME
942 _2ddc
_cBK
999 _c64709
_d64709